[Event "Laoag City op"]
[Site "Laoag City"]
[Date "2023.12.21"]
[Round "5"]
[White "Balanay, Marc Francis"]
[Black "Magdalaga, Luffe"]
[Result "1/2-1/2"]
[WhiteElo "1878"]
[BlackElo "2090"]
[PlyCount "125"]
[EventDate "2023.12.19"]
[EventType "swiss"]
[EventRounds "9"]
[EventCountry "PHI"]
[SourceTitle "CB16_2024"]
[SourceDate "2024.04.17"]
[SourceVersion "1"]
[SourceVersionDate "2024.04.17"]
[SourceQuality "1"]

1. d4 Nf6 2. Bf4 c5 3. e3 Qb6 4. Na3 cxd4 5. exd4 Nc6 6. Nf3 d6 7. Nc4 Qc7 8. Bd3 Bg4 9. c3 e6 10. h3 Bh5 11. 0-0 Be7 12. Re1 0-0 13. a4 Rfc8 14. Bf1 Qd8 15. Ne3 d5 16. g4 Bg6 17. Nh4 Bd6 18. Nxg6 hxg6 19. Bxd6 Qxd6 20. Ng2 Rab8 21. Qf3 a6 22. h4 b5 23. a5 b4 24. h5 g5 25. h6 bxc3 26. bxc3 Ne4 27. Bd3 Nxc3 28. hxg7 Ne4 29. Qe3 Nb4 30. Bxe4 dxe4 31. Qxg5 Qxd4 32. Rad1 Qxg7 33. Qxg7+ Kxg7 34. Rxe4 Nd5 35. Ra1 Rb5 36. Ne3 Nc3 37. Rc4 Rxc4 38. Nxc4 Rc5 39. Ne3 Ne2+ 40. Kg2 Nd4 41. Ra4 Nc6 42. Nc4 Kg6 43. Kg3 f6 44. f3 Kg5 45. f4+ Kg6 46. Kf2 e5 47. f5+ Kg5 48. Nd6 Rxa5 49. Rxa5 Nxa5 50. Kg3 Kh6 51. Ne8 Nc6 52. Nxf6 a5 53. Ne4 a4 54. g5+ Kh5 55. Nc3 a3 56. f6 Nd4 57. f7 Ne6 58. g6 Kxg6 59. Kg4 Kf6 60. Na2 Nf8 61. Kf3 Kxf7 62. Ke4 Kf6 63. Kd5 1/2-1/2

[Event "Laoag City op"]
[Site "Laoag City"]
[Date "2023.12.21"]
[Round "6"]
[White "Panopio, Rodolfo Jr"]
[Black "Balanay, Marc Francis"]
[Result "0-1"]
[WhiteElo "2144"]
[BlackElo "1878"]
[PlyCount "54"]
[EventDate "2023.12.19"]
[EventType "swiss"]
[EventRounds "9"]
[EventCountry "PHI"]
[SourceTitle "CB16_2024"]
[SourceDate "2024.04.17"]
[SourceVersion "1"]
[SourceVersionDate "2024.04.17"]
[SourceQuality "1"]

1. e4 d5 2. exd5 Nf6 3. Nf3 Qxd5 4. d4 Bg4 5. Be2 Nc6 6. 0-0 0-0-0 7. Be3 Qf5 8. Nbd2 e5 9. Nxe5 Nxe5 10. dxe5 Bxe2 11. Qxe2 Qxe5 12. Nc4 Qe6 13. Rfe1 Nd5 14. Qf1 Nxe3 15. Rxe3 Qg4 16. Ne5 Qe6 17. Nc4 Qg4 18. h3 Qh4 19. Rae1 Bc5 20. Re4 Qf6 21. c3 a6 22. Qe2 Rd5 23. Ne5 Rhd8 24. Qg4+ Kb8 25. Rf4 Rxe5 26. Rxf6 Rxe1+ 27. Kh2 gxf6 0-1